书目信息 |
| 题名: |
走路法全书
|
|
| 作者: | 斯皮尔娜 著 ;王建欣 译 | |
| 分册: | ||
| 出版信息: | 海口 海南出版社 2004.09 |
|
| 页数: | 264页 | |
| 开本: | 21cm | |
| 丛书名: | ||
| 单 册: | ||
| 中图分类: | R161.1 | |
| 科图分类: | ||
| 主题词: | 步行--bu xing--健身运动 | |
| 电子资源: | ||
| ISBN: | 7-80700-081-3 | |
| 000 | 01090nam0 2200265 450 | |
| 001 | 012008416328 | |
| 005 | 20080322134500.43 | |
| 010 | @a7-80700-081-3@dCNY22.00 | |
| 100 | @a20080321d2004 km y0chiy0120 ea | |
| 101 | 1 | @achi@ceng |
| 102 | @aCN@b430000 | |
| 105 | @aa z 000yy | |
| 106 | @ar | |
| 200 | 1 | @a走路法全书@Azou lu fa quan shu@d= Prevention's Complete Book of Walking@e走路与健康@f(美) 马吉·斯皮尔娜著@F(mei)ma ji·si pi er na zhu@g王建欣译@Gwang jian xin yi@zeng |
| 210 | @a海口@c海南出版社@d2004.09 | |
| 215 | @a264页@c图@d21cm | |
| 330 | @a本书的特点是:三项运动计划(起步计划、稳定——突破计划和卡路里极限消耗计划)可以让你通过走路减去过多脂肪,5000米疾走的训练计划,提高你的走路速度,增强你的力量和耐力,并以瑜珈训练作为辅助。 | |
| 510 | 1 | @aPrevention's Complete Book of Walking@zeng |
| 517 | 1 | @a走路与健康@Azou lu yu jian kang |
| 606 | 0 | @a步行@Abu xing@x健身运动 |
| 690 | @aR161.1@v4 | |
| 701 | 1 | @a斯皮尔娜@Asi pi er na@c(Spilner, M.)@4著 |
| 702 | 0 | @a王建欣@Awang jian xin@4译 |
| 801 | 0 | @aCN@bQSSK@c20080322 |
| 905 | @b20289236-38@dR161.1@eS709@f3 | |
| 走路法全书= Prevention's Complete Book of Walking:走路与健康/(美) 马吉·斯皮尔娜著/王建欣译.-海口:海南出版社,2004.09 |
| 264页:图;21cm |
| ISBN 7-80700-081-3:CNY22.00 |
| 本书的特点是:三项运动计划(起步计划、稳定——突破计划和卡路里极限消耗计划)可以让你通过走路减去过多脂肪,5000米疾走的训练计划,提高你的走路速度,增强你的力量和耐力,并以瑜珈训练作为辅助。 |
| ● |
| 相关链接 |
|
|
|
正题名:走路法全书
索取号:R161.1/S709
 
预约/预借
| 序号 | 登录号 | 条形码 | 馆藏地/架位号 | 状态 | 备注 |
| 1 | 289236 | 202892361 | 自科库401/401自科库 6排4列3层/ [索取号:R161.1/S709] | 在馆 | |
| 2 | 289237 | 202892370 | 自科库401/401自科库 6排4列3层/ [索取号:R161.1/S709] | 在馆 | |
| 3 | 289238 | 202892389 | 期刊室512/401自科库 6排4列3层/ [索取号:R161.1/S709] | 在馆 |